000 01091cam a2200313 i 4500
001 509000
003 GBCCL
005 20241126110428.0
008 830217r1975 txu b 00010 eng
010 _a 76150227//r82
020 _a0340192321 :
_c$5.95
035 _a(OCoLC)ocn686931909
035 _a(CStRLIN)CTYT83-B747
035 _a509000
040 _cGBC
050 0 _aBV4811
_b.P46 1976
082 _a242.2
_bPHI
090 _b002797
100 1 _aPhillips, J. B.
_q(John Bertram),
_d1906-1982.
_94962
240 1 0 _aThrough the year with J.B. Phillips
245 1 0 _a365 meditations by J. B. Phillips for this day /
_cedited by Denis Duncan.
260 0 _aWaco, Tex. :
_bWord Books,
_c[1975] c1974, 1976 printing.
300 _a255 p., [1] ;
_c23 cm.
500 _aFirst published in London under title: Through the year with J. B. Phillips.
504 _aBibliography: p. [256]
650 0 _aDevotional calendars
_xChurch of England.
_94963
700 1 1 _aPhillips, J. B.
_q(John Bertram),
_d1906-1982.
_tThrough the year with J. B. Phillips.
_5796
_94964
942 _2ddc
_cBK
999 _c2397
_d2397